| 000 -LEADER |
| fixed length control field |
00989nam a2200277Ia 4500 |
| 001 - CONTROL NUMBER |
| control field |
3173 |
| 003 - CONTROL NUMBER IDENTIFIER |
| control field |
GE_BSU |
| 008 - FIXED-LENGTH DATA ELEMENTS--GENERAL INFORMATION |
| fixed length control field |
181216s||||||||xx |||||||||||||| ||und|| |
| 020 ## - INTERNATIONAL STANDARD BOOK NUMBER |
| International Standard Book Number |
5289018166 |
| 040 ## - CATALOGING SOURCE |
| Transcribing agency |
GE_BSU |
| 080 ## - UNIVERSAL DECIMAL CLASSIFICATION NUMBER |
| Universal Decimal Classification number |
330.1 |
| 100 ## - MAIN ENTRY--PERSONAL NAME |
| Personal name |
Уильямсон, Оливер И. |
| 245 ## - TITLE STATEMENT |
| Title |
Экономические институты капитализма: Фирмы, рынки, "отношенческая контрактация". |
| 245 #4 - TITLE STATEMENT |
| Remainder of title |
The Economics Institutions of Capitalism. |
| 245 ## - TITLE STATEMENT |
| Statement of responsibility, etc. |
науч. ред. В. С. Катькало. пер. с англ. Ю.Е. Благова, В.С. Катькало. |
| 260 ## - PUBLICATION, DISTRIBUTION, ETC. |
| Place of publication, distribution, etc. |
СПб |
| 260 ## - PUBLICATION, DISTRIBUTION, ETC. |
| Name of publisher, distributor, etc. |
Лениздат. CEV PRESS |
| 260 ## - PUBLICATION, DISTRIBUTION, ETC. |
| Date of publication, distribution, etc. |
1996 |
| 300 ## - PHYSICAL DESCRIPTION |
| Extent |
702 с. |
| 653 ## - INDEX TERM--UNCONTROLLED |
| Uncontrolled term |
отношенческая контрактация |
| 653 ## - INDEX TERM--UNCONTROLLED |
| Uncontrolled term |
рынки |
| 653 ## - INDEX TERM--UNCONTROLLED |
| Uncontrolled term |
Фирмы |
| 653 ## - INDEX TERM--UNCONTROLLED |
| Uncontrolled term |
Экономические институты капитализма |
| 942 ## - ADDED ENTRY ELEMENTS (KOHA) |
| Koha item type |
წიგნი |